MDQL
is popping MORE tags! Check the
thread
!
Quizzes
Events
Quiz Creation
Community
Videos
Private Events
Remove Ads
Sign In
Join for FREE
Feedback
Dark Mode
Quiz Categories
Sports
Geography
Music
Movies
Television
Just For Fun
Miscellaneous
History
Literature
Language
Science
Gaming
Entertainment
Religion
Holiday
For Kids
Quiz Lab
Recent
Popular Today
Quiz Kudos Today
Editor Picks
Curator Picks
Quizzes by...
Day
Popularity
Type
Ratings
Length
Year
Community
Subscriptions
Recent Discussions
Orange Saloon
Badges
Playlists
Quests
Create
Leaderboards
Showdown
Live 5
Trivia Bingo
Activity
Puzzle Library
Sporcle Events
Private Events
Virtual Trivia
Globe League
Become a Host
Pub Owners
SporcleCon
Opinionation
Our Games
Videos
Blog
Mobile Apps
Partnerships
Remove Ads and Go Orange
Feedback
Sports
Athletes
MLB
NBA
NHL
NFL
Soccer
Sports Teams
WWE
NCAA
Football
Premier League
Basketball
Baseball
Hockey
Golf
Tennis
Cricket
Rugby
Auto Racing
Olympics
World Cup
Sports
Athletes
MLB
NBA
NHL
NFL
Soccer
Sports Teams
WWE
NCAA
Football
Premier League
Basketball
Baseball
Hockey
Golf
Tennis
Cricket
Rugby
Auto Racing
Olympics
World Cup
Random Quiz
Search Sporcle
×
Quiz Lab
Quiz Lab
Sports
World Cup
Type in answers that appear in a list
Type in answers that appear in a list
Classic
Best Score? Go Orange.
FIFA World Cup 'Firsts' Stats
Can you name the first teams to accomplish these milestones?
By
STPolarBear
10m
32 Questions
108 Plays
108 Plays
108 Plays
Comments
Comments
Give Quiz Kudos
Give Quiz Kudos
-
- Ratings
hide this ad
Forced Order
Answers have to be entered in order
Answers have to be entered in order
Replay
Link that replays current quiz
Next Quiz
Link to next quiz in quiz playlist
You Got
0%
They Got
Avg Score
68%
Avg Friend Score
Upgrade to see
Score Distribution
Jump to the score distribution portion of the page
Score
0/32
Timer
10:00
0
Plays Today
Accomplishment
Team
% Correct
First Team to win World Cup
Uruguay
88%
First Team to win a World Cup Final by three goals
Brazil
86.1%
First Team to win World Cup in Asia
Brazil
85.2%
First Team to win World Cup outside home continent
Brazil
83.3%
First Team to win a match at the World Cup
France and United States
83.3%
First Team other than host nation to win World Cup
Italy
83.3%
First Team to win World Cup in Africa
Spain
83.3%
First Team to win World Cup Final on a penalty shootout
Brazil
82.4%
First Asian Team to advance to Semi-
Final
Korea Republic
82.4%
First Team to win consecutive World Cups
Italy
82.4%
FIrst Team to win World Cup after losing a match earlier in tournament
West Germany
81.5%
First Team to win a World Cup Final in Extra Time
Italy
81.5%
First Team to Play in 3 consecutive World Cup Finals
West Germany
81.5%
First European team to win World Cup in the Americas
Germany
81.5%
First Host Nation to fail to advance beyond group stage
South Africa
79.6%
First Team to record a clean sheet during a World Cup Final
West Germany
73.1%
Accomplishment
Team
% Correct
First Team to have a player sent-
off during a World Cup Final
Argentina
72.2%
First Team to win a World Cup Final after trailing in the match
Uruguay
72.2%
First African Team to advance to Second Round
Morocco
70.4%
First Team to win a match by 5+ goals
Argentina
67.6%
First Team to defeat three former World Cup Champions in the same tournament
Brazil
64.8%
First Team to record a clean sheet (shutout)
United States
64.8%
First Team to win matches against teams from three different continents in a single tournament
Argentina
63%
First Team to score on a penalty during a World Cup Final
Netherlands
61.1%
First Team to win a penalty shootout
West Germany
60.2%
First Team to win the Match for Third Place
Germany
55.6%
First Team to defeat three former World Cup Champions in consecutive tournaments
Germany
54.6%
First Team to defeat the same opponent 2x in the same tournament
West Germany and Switzerland
53.7%
First Team to win a match after trailing
Uruguay
51.9%
First Team to win a match in Extra Time
Austria
33.3%
First Team to win a match after having a player sent off
Hungary
24.1%
First Team to win a match after ending a match with fewer players than the opponent (due to a red card)
Northern Ireland
7.4%
Quiz Playlist
Details
Report
Send in Message
Add To Playlist
Classic:
Type in answers that appear in a list
Forced Order:
Answers have to be entered in order
Last Updated: Feb 16, 2017
Quiz Scoreboard
CHALLENGE
Sign Up to Join the Scoreboard
Show All
Scores
Hide
Comments
May contain spoilers
Recently Published
5x2 Blitz: Bands
by SL_Kpop136
Music
30s
Colored Red Africa Blitz
by spor1
Geography
30s
Find the 'City' Movie
by crazypaving
Movies
60s
More to Explore
Quiz From the Vault
Featured Blog Post
14 Easter Pick-up Lines to Find Eggs With
hide this ad
You Might Also Like...
Tags
Soccer Quiz
World Cup Quiz
record
Team Record
Today's Top Quizzes in Sports
Browse Sports
hide this ad
Today's Top Quizzes in World Cup
Browse World Cup
Top Contributed Quizzes in Sports
1
Players with Multiple 50 Home Run Seasons
2
Criteria MLB: Left Handed Sluggers
3
MLB Players with Two .350 Batting Average Seasons
4
Who Hit More Homers?
5
Premier League Clubs since 2000 (minefield)
6
Who Needs Fielders?
7
2020 F1 Drivers Logic Puzzle
8
Les entraîneurs de l'OM et du PSG au 21e siècle
9
Top 10 NHL Goal Scorers of All Time
10
MLB Hall of Famer by Rings
Explore More
Trending Topics
NBA
Crossword
Harry Potter
Disney
Kpop
Marvel
Anime
NFL
Soccer
Song
The Office
Pokémon
Country
Puzzle
WWE
hide this ad
More By:
STPolarBear
Quiz
Plays
Rating
Category
Featured
Created
Teams that defeated the defending World Cup Champion
2,114
4.40
Sports
Nov 8, 2015
Club Teams of FIFA World Cup Champions 1930–2018
1,927
4.83
Sports
Dec 26, 2015
Bayern Munich's losses in German Cup (DFB-Pokal)
1,926
4.56
Sports
Nov 10, 2015
Instruments used in Symphonies by Gustav Mahler
1,208
5.00
Music
Dec 5, 2015
World Cup,Champions League, and League Winners
845
4.89
Sports
Nov 21, 2015
Go to Creator's Profile
Score Distribution
Quiz Creator Spotlight
STPolarBear
Follow
Send a Message
Quizzes Created
-
Created Quiz Play Count
-
More By This Creator
Popular Quizzes Today
1
Find the 'City' Movie
2
Colored Red Africa Blitz
3
Find the US States - No Outlines Minefield
4
5x2 Blitz: Bands
5
The Countries of the World
6
Find the US States
7
US States
8
9x9 Crossword: Cartoon Network
More Sports Quizzes
2010s Oklahoma City Thunder Top Scorers
Quiz Lab
Trending Quizzes
Colored Red Europe Blitz I
Colored Red Africa Blitz II
Colored Red Europe Blitz II
Colored Red Africa Blitz III
Colored Red Europe Blitz III
Recently Updated
Famous TV Couples
Peacemaker
Champions League XIs: Real Madrid
pecheneg
Largest US Cities 1790-2010
pecheneg
Rides in Walt Disney World
pecheneg
Most Oscar Losses (Acting)
pecheneg
Beyoncé Albums
pecheneg
Leaping Animals
pecheneg
Reality TV Shows (A-Z)
bhenderson79
Rickey Henderson's Hall of Fame Teammates
pecheneg
Champions League XIs: Arsenal
pecheneg
Trending Topics
Harry Potter
NBA
Anime
Crossword
Kpop
Marvel
Disney
WWE
Pokémon
Country
Puzzle
The Office
NFL
Song
Soccer
Your Account Isn't Verified!
In order to create a playlist on Sporcle, you need to verify the email address you used during registration. Go to your
Sporcle Settings
to finish the process.
Report this User
Report this user for behavior that violates our
Community Guidelines
.
Details:
Send Report
Go to the Sporcle.com Mobile Site →
Comments